Vvedenije v kombinatornyj analiz

Gespeichert in:
Bibliographische Detailangaben
Format: Buch
Sprache:Russisch
Veröffentlicht: Moskva Universitet 1985
Ausgabe:2. izd.
Tags: Tag hinzufügen
Keine Tags, Fügen Sie das erste Tag hinzu!

MARC

LEADER 00000nam a2200000 4500
001 c105792
005 20260128081648.6
041 0 |a rus 
044 |a RU 
245 1 0 |a Vvedenije v kombinatornyj analiz  |c Konstantin Aleksejevič Rybnikov 
250 |a 2. izd. 
264 1 |a Moskva  |b Universitet  |c 1985 
300 |a 307 s.